Porovnanie postupov vybraných centrálnych bánk v čase finančnej krízy.

Porovnanie postupov vybraných centrálnych bánk počas finančnej krízy, ktorá vyústila v roku 2007. Reakcie amerického Federálneho rezervného systému a japonskej Bank of Japan.

Guardado en:
Detalles Bibliográficos
Autor principal: Kochanová, Miroslava
Formato: Capítulo de libro
Lenguaje:eslovaco
Materias:
Etiquetas: Agregar Etiqueta
Sin Etiquetas, Sea el primero en etiquetar este registro!

MARC

LEADER 00000naa$a2200000$$$4500
001 0112044
005 20231116085950.5
041 0 |a slo 
044 |a SK 
245 1 0 |a Porovnanie postupov vybraných centrálnych bánk v čase finančnej krízy.  |c Miroslava Kochanová 
520 |a Porovnanie postupov vybraných centrálnych bánk počas finančnej krízy, ktorá vyústila v roku 2007. Reakcie amerického Federálneho rezervného systému a japonskej Bank of Japan. 
610 2 0 |a banky centrálne 
610 2 0 |a kríza finančná 
610 2 0 |a Japonsko 
610 2 0 |a USA 
610 2 0 |a operácie bankové 
100 1 |a Kochanová, Miroslava